| 000 | 01020cam a2200229 4500 | ||
|---|---|---|---|
| 001 | WB3946-03 | ||
| 008 | 031202n2003 000 0 eng u | ||
| 035 | _a(Sirsi) u124543 | ||
| 245 | _aCommercial and industrial floorspace and rateable value statistics 2003 | ||
| 260 | _c2003 | ||
| 490 |
_aODPM News Release _v253(FS-2003) 28 November 2003 (2) |
||
| 520 | _aThe "Commercial and industrial floorspace and rateable value statistics 2003" revealed there were 591m sq m (sq m) of floorspace in England and Wales in 2003. Approximately 19% of floorspace was in retail premises, 17% in offices, 39% in factories and 26% in warehouses. http://www.odpm.gov.uk/pns/DisplayPN.cgi?pn_id=2003_0253. | ||
| 590 | _aWB | ||
| 650 | _aINDUSTRIAL FLOORSPACE | ||
| 650 | _aRATEABLE VALUES | ||
| 650 | _aENGLAND | ||
| 650 | _aWALES | ||
| 650 | _aSTATISTICS | ||
| 650 | _aCOMMERCIAL AND INDUSTRIAL FLOORSPACE AND RATEABLE VALUE STATISTICS | ||
| 690 | _aPROPERTY-COMMERCIAL PROPERTY-COMMERCIAL PROPERTY MARKET | ||
| 942 | _n0 | ||
| 999 |
_c73908 _d73908 |
||